00802nam a2200241 a 4500001001300000003000900013005001700022008004100039020002700080082001700107100002100124245007700145260004200222300000900264500003500273505004600308650002300354700002100377902000800398942000700406952013200413999001500545nice12345678IN_TiNIC20260116013135.0050524s1991 leia grp 000 0 eng  a0830881 c1678.2700a220.601bOSB aOsborne, Grant R aHermeneutical Spiralb Comprehensive Introduction to Biblical Interpreta aLeicesterbInter Varsity Press c1991 a499p aincludes index and biblioraphy2 aBibliography, Subject Index, Author Index aBible-Hermeneutics1 aOsborne, Grant R bSRS cBK 001040708StackRoom-aHMIbHMId2007-08-01g1678.27l1o220.601 OSBp019996r2017-08-22s2017-08-11v1678.27w2005-05-24yBK c9831d9831